000 01409cam a2200325Ii 4500
001 minnesotaconnect00palm
003 CaSfIA
005 20210118185747.0
007 cr||||
008 780807s1978 nyuaf 000 0 eng d
040 _aOKD
_cOKD
_dOCL
_dOCLCQ
_dBAKER
_dCaSfIA
020 _a0446900249 (pbk.) :
_c$1.95
020 _a9780446900249 (pbk.)
035 _a(OCoLC)4115830
043 _an-us---
050 4 _aHQ316.M6
_bP346 1978
082 0 4 _a364.153
_bPal
100 1 _aPalmquist, Al.
245 1 4 _aThe Minnesota connection /
_h[electronic resource]
_cAl Palmquist, with John Stone.
260 _aNew York :
_bWarner Books,
_c1978.
300 _a158 p., [8] leaves of plates :
_bill. ;
_c18 cm.
650 0 _aProstitution
_zUnited States.
650 0 _aChurch work with prostitutes.
700 1 _aStone, John,
_ejoint author.
856 4 1 _uhttp://www.archive.org/details/minnesotaconnect00palm
_zFree eBook from the Internet Archive
856 4 2 _uhttp://www.openlibrary.org/books/OL10263937M
_zAdditional information and access via Open Library
942 _cEB
506 _fНеобхідна авторизація на https://archive.org/ (створення облікового запису безкоштовно)
506 _fНеобхідна авторизація на https://openlibrary.org/ (створення облікового запису безкоштовно)
999 _c525690
_d525690